Derecho comercial argentino (Registro nro. 555)

Detalles MARC
000 -LEADER
fixed length control field 01596 a2200205 4500
001 - CONTROL NUMBER
control field 13852
005 - DATE AND TIME OF LATEST TRANSACTION
control field 20260407155445.0
008 - FIXED-LENGTH DATA ELEMENTS--GENERAL INFORMATION
fixed length control field 260407a1963 arg spa d
003 - CONTROL NUMBER IDENTIFIER
control field AR-UNSa-BCEJYS
040 ## - CATALOGING SOURCE
Original cataloging agency AR-UNSa-BCEJYS
Language of cataloging spa
Transcribing agency AR-UNSa-BCEJYS
080 ## - UNIVERSAL DECIMAL CLASSIFICATION NUMBER
Universal Decimal Classification number 347.7
Common auxiliary subdivision Derecho Mercantil. Derecho Comercial
100 1# - MAIN ENTRY--PERSONAL NAME
Personal name Fontanarrosa, Rodolfo O.
245 10 - TITLE STATEMENT
Title Derecho comercial argentino
Name of part/section of a work parte general
250 ## - EDITION STATEMENT
Edition statement 2a. ed.
264 #1 - PRODUCTION, PUBLICATION, DISTRIBUTION, MANUFACTURE, AND COPYRIGHT NOTICE
Place of production, publication, distribution, manufacture Buenos Aires :
Name of producer, publisher, distributor, manufacturer Víctor P. de Zavalía
Date of production, publication, distribution, manufacture, or copyright notice 1963
300 ## - PHYSICAL DESCRIPTION
Extent 514 p.
Dimensions 23 cm.
505 ## - FORMATTED CONTENTS NOTE
Formatted contents note Vol. 1: 1. Concepto, ubicación y métodos del derecho mercantil - 2. Fuentes del derecho mercantil - 3. Interpretación y aplicación de la ley mercantil - 4. La materia de comercio - 5. La materia de comercio (continuación) - 6. La materia de comercio (continuación) - 7. La materia de comercio (continuación) - 8. La materia de comercio (continuación) - 9. Las relaciones jurídicas mercantiles - 10. Los sujetos de las relaciones jurídicas mercantiles - 11. Obligaciones comunes a los comerciantes - 12. Obligaciones comunes a los comerciantes (continuación) - 13. Obligaciones comunes a los comerciantes (continuación) - 14. Derechos de los comerciantes. El patrimonio comercial y la limitación de la responsabilidad - 15. Bolsas y mercados de comercio - 16. Agentes auxiliares de comercio - 17. Teoría general de la representación - 18. Agentes auxiliares subordinados - 19. Agentes auxiliares autónomos - 20. Agentes auxiliares autónomos (continuación) - 21. La prescripción mercantil
590 ## - LOCAL NOTE (RLIN)
Local note niveau_biblio:m niveau_hierar:0
942 ## - ADDED ENTRY ELEMENTS (KOHA)
Koha item type
Existencias
Withdrawn status Lost status Damaged status Not for loan Home library Current library Shelving location Date acquired Total checkouts Full call number Barcode Date last seen Price effective from Koha item type
        Biblioteca Prof. Eusebio Cleto del Rey Biblioteca Prof. Eusebio Cleto del Rey   07/04/2026   347.7 F677 2ed L20924 07/04/2026 07/04/2026 Libro